Supervivencia
में बचाया:
| मुख्य लेखक: | |
|---|---|
| स्वरूप: | पुस्तक |
| भाषा: | स्पेनिश |
| प्रकाशित: |
Santiago
Union Fraternal No. 1
1936
|
| विषय: | |
| टैग: |
टैग जोड़ें
कोई टैग नहीं, इस रिकॉर्ड को टैग करने वाले पहले व्यक्ति बनें!
|
MARC
| LEADER | 00000nam a2200000 a 4500 | ||
|---|---|---|---|
| 001 | UCP8051 | ||
| 003 | CL-VaPUC | ||
| 005 | 20231102114940.0 | ||
| 008 | 000106e19360000cl 1 spa d | ||
| 082 | 0 | 4 | |a 366.1 |b ANG |2 21 |
| 100 | 1 | |a Anguita, Bernabé F |e author |9 619673 | |
| 245 | 1 | 0 | |a Supervivencia |
| 260 | |a Santiago |b Union Fraternal No. 1 |c 1936 | ||
| 300 | |a 35 p | ||
| 583 | |a last modification |c 20000106 00:00:00 |k Rodrigo Vera | ||
| 650 | 0 | 0 | |a Masonería |9 256238 |
| 650 | 0 | 7 | |a SOCIEDADES SECRETAS |2 CL-VaPUC |9 321683 |
| 650 | 0 | 7 | |a CONFERENCIAS |2 CL-VaPUC |9 619674 |
| 942 | |c BK | ||
| 945 | |a crobeson |d 20000106 00:00:00 | ||
| 546 | |a En Español | ||
| 518 | |p Conferencia del h.. Bernabè F. Anguita en la Resp.. L.. Uniòn Fraternal N§ 1, 17 de Abril de 1936 | ||
| 999 | |c 383515 |d 383513 | ||
| 952 | |0 0 |1 0 |4 0 |6 366_100000000000000_ANG_1936 |7 0 |8 X |9 505651 |a BIBHIS |b BIBHIS |d 2020-01-23 |i 1374745 |o 366.1 ANG 1936 |p 1374745 |r 2024-01-30 |w 2020-01-23 |y BK_X |k HIS | ||